La ruleta del destino... (Record no. 136230)

MARC details
000 -LEADER
campo de control de longitud fija 00714nam a2200217 4500
001 - NÚMERO DE CONTROL
campo de control 136230
003 - IDENTIFICADOR DE NÚMERO DE CONTROL
campo de control ES-MaACL
005 - FECHA Y HORA DE LA ÚLTIMA TRANSACCIÓN
campo de control 20230906195051.0
007 - CAMPO FIJO DE DESCRIPCIÓN FÍSICA--INFORMACIÓN GENERAL
campo de control de longitud fija t|
008 - DATOS DE LONGITUD FIJA--INFORMACIÓN GENERAL
campo de control de longitud fija 070214s1972 sp r ||||1| spa d
245 03 - MENCIÓN DEL TÍTULO
Título La ruleta del destino...
Resto del título : [200 historias] /
Mención de responsabilidad, etc. [reunidas por] Pol Quentin ; [y comentadas por Louis Pauwels...] ; versión... Laura García Corella.
260 ## - PUBLICACIÓN, DISTRIBUCIÓN, ETC.
Lugar de publicación, distribución, etc. Bilbao :
Nombre del editor, distribuidor, etc. Fher,
Fecha de publicación, distribución, etc. 1972.
300 ## - DESCRIPCIÓN FÍSICA
Extensión 200 p. ;
Dimensiones 20 cm.
490 1# - MENCIÓN DE SERIE
Mención de serie Humor contemporáneo
700 1# - ENTRADA AGREGADA--NOMBRE PERSONAL
Nombre de persona Quentin, Pol.
9 (RLIN) 94522
700 1# - ENTRADA AGREGADA--NOMBRE PERSONAL
Nombre de persona Pauwels, Louis.
9 (RLIN) 89674
700 1# - ENTRADA AGREGADA--NOMBRE PERSONAL
Nombre de persona García Corella, Laura.
9 (RLIN) 54384
830 0# - PUNTO DE ACCESO ADICIONAL DE SERIE-TÍTULO UNIFORME
Título uniforme Humor contemporáneo
9 (RLIN) 219986
852 ## - LOCALIZACIÓN
Ubicación ES-MaACL
Número de control de estantería C-44796
Sublocalización o colección R.84028
Holdings
Estatus retirado Estado de pérdida Estado de daño No para préstamo Biblioteca de origen Biblioteca actual Ubicación en estantería Fecha de adquisición Fuente de adquisición Total de préstamos Signatura topográfica completa Código de barras Visto por última vez Precio de reemplazo Tipo de ítem Koha
        Biblioteca del Ateneo de Madrid Biblioteca del Ateneo de Madrid Depósito 2 17/01/2008     C-44796 1141780 23/02/2023 23/02/2023 Libro impreso